Справочник Python. Кратко, быстро, под рукой

Bibliographic Details
Main Author: Кольцов Д. М. Дмитрий Михайлович
Other Authors: Дубовик Е. В.
Summary:Данный справочник содержит основную ключевую информацию о Python в удобной и наглядной форме. Структура справочника позволяет быстро и удобно находить нужную информацию, получать примеры использования тех или иных элементов и конструкций Python. Отдельное внимание уделено внимание таким темам, как регулярные выражения, кортежи, итераторы и генераторы, объектно-ориентированное программирование на Python. Справочник будет полезен всем, кто использует или изучает Python: от начинающих до профессионалов.
Language:Russian
Published: Санкт-Петербург, Наука и Техника, 2022
Series:Справочник
Subjects:
Format: Book
KOHA link:https://koha.lib.tpu.ru/cgi-bin/koha/opac-detail.pl?biblionumber=670156

MARC

LEADER 00000nam0a2200000 4500
001 670156
005 20240313130602.0
010 |a 978-5-94387-717-9 
090 |a 670156 
100 |a 20240116d2022 km|y0rusy50 ca 
101 0 |a rus 
102 |a RU 
105 |a y g 000yy 
181 0 |a i   |b  e  
182 0 |a n 
183 0 |a nc  |2 RDAcarrier 
200 1 |a Справочник Python. Кратко, быстро, под рукой  |f Кольцов Д. М., Дубовик Е. В. 
203 |a Текст  |b визуальный  |c непосредственный 
210 |a Санкт-Петербург  |c Наука и Техника  |d 2022 
215 |a 287 с. 
225 1 |a Справочник 
283 |a volume  |2 RDAcarrier 
330 |a Данный справочник содержит основную ключевую информацию о Python в удобной и наглядной форме. Структура справочника позволяет быстро и удобно находить нужную информацию, получать примеры использования тех или иных элементов и конструкций Python. Отдельное внимание уделено внимание таким темам, как регулярные выражения, кортежи, итераторы и генераторы, объектно-ориентированное программирование на Python. Справочник будет полезен всем, кто использует или изучает Python: от начинающих до профессионалов. 
606 1 |a Python  |9 87977 
610 1 |a языки программирования 
610 1 |a справочники 
610 1 |a кортежи 
610 1 |a генераторы 
610 1 |a объектно-ориентированное программирование 
610 1 |a кодировка 
610 1 |a данные 
610 1 |a практические примеры 
610 1 |a строковые функции 
610 1 |a итераторы 
675 |a 004.432(035)  |v 4  |z rus 
700 1 |a Кольцов  |b Д. М.  |g Дмитрий Михайлович 
701 1 |a Дубовик  |b Е. В. 
801 0 |a RU  |b 63413507  |c 20240116  
942 |c BK